[Event "MCR_CF14"]
[Site "?"]
[Date "2007.??.??"]
[Round "?"]
[White "Cvak, Rudolf"]
[Black "Goc, Pavel"]
[Result "1-0"]
[WhiteElo "2247"]
[BlackElo "2145"]
[PlyCount "89"]
[EventDate "2007.??.??"]
[EventType "corr"]
[EventRounds "2"]
[SourceDate "2007.01.09"]

1. e4 e5 2. Nf3 Nc6 3. Bc4 Nf6 4. Ng5 Bc5 5. Nxf7 Bxf2+ 6. Kf1 Qe7 7. Nxh8 d5
8. exd5 Bg4 9. Be2 Bxe2+ 10. Qxe2 Nd4 11. Qxf2 O-O-O 12. b3 Nxd5 13. Ba3 c5 14.
Nc3 Rf8 15. Nxd5 Rxf2+ 16. Kxf2 Qf8+ 17. Kg3 Ne2+ 18. Kg4 h5+ 19. Kg5 Qd8+ 20.
Kg6 Qxd5 21. g3 h4 22. Raf1 hxg3 23. hxg3 Nxg3 24. Rf8+ Kd7 25. Rh7 Qe6+ 26.
Kxg7 Nf5+ 27. Rxf5 Qxf5 28. Bxc5 Qxc2 29. Be3 Qxa2 30. Kf6+ Kc6 31. Ng6 Kd5 32.
Re7 Ke4 33. Nxe5 Qxb3 34. Bxa7 Qb2 35. d4 Qf2+ 36. Ke6 Qa2+ 37. Kd6 Qd5+ 38.
Kc7 b5 39. Nc6+ Kf4 40. Bc5 Qc4 41. Bd6+ Kg5 42. Re5+ Kg4 43. d5 Qf4 44. Be7 b4
45. Bxb4 1-0

[Event "MCR_CF14"]
[Site "?"]
[Date "2007.??.??"]
[Round "?"]
[White "Latal, Frantisek"]
[Black "Dlouhy, Radek"]
[Result "0-1"]
[WhiteElo "2129"]
[BlackElo "2130"]
[PlyCount "72"]
[EventDate "2007.??.??"]
[EventType "corr"]
[EventRounds "2"]
[SourceDate "2007.01.09"]

1. d4 d5 2. c4 e6 3. Nc3 Nf6 4. Bg5 Be7 5. e3 O-O 6. Nf3 h6 7. Bh4 b6 8. cxd5
Nxd5 9. Nxd5 exd5 10. Bxe7 Qxe7 11. Rc1 Be6 12. Bd3 c5 13. O-O c4 14. Bb1 Nd7
15. h3 b5 16. Qc2 f5 17. a3 a5 18. Rfe1 b4 19. Qa4 b3 20. Qc6 Rfc8 21. Qb5 Qd6
22. Ne5 Nxe5 23. dxe5 Qc7 24. Bxf5 Bxf5 25. Qxd5+ Qf7 26. Qxf7+ Kxf7 27. Rc3
Bc2 28. f4 Ra7 29. Kf2 Rd7 30. Ke2 Rcd8 31. Kf3 Bd1+ 32. Kg3 Rc8 33. h4 Rd2 34.
e4 Be2 35. Re3 Bd3 36. Rc1 c3 0-1

[Event "MCR_CF14"]
[Site "?"]
[Date "2007.??.??"]
[Round "?"]
[White "Kudr, Roman"]
[Black "Dlouhy, Radek"]
[Result "1/2-1/2"]
[WhiteElo "2216"]
[BlackElo "2130"]
[PlyCount "68"]
[EventDate "2007.??.??"]
[EventType "corr"]
[EventRounds "2"]
[SourceDate "2007.01.09"]

1. e4 e5 2. Nf3 Nc6 3. Bb5 a6 4. Ba4 Nf6 5. O-O Nxe4 6. d4 b5 7. Bb3 d5 8. dxe5
Be6 9. Qe2 Be7 10. Rd1 O-O 11. c4 bxc4 12. Bxc4 Bc5 13. Be3 Bxe3 14. Qxe3 Qb8
15. Bb3 Na5 16. Ne1 Qb6 17. Nc2 Rfd8 18. Nd4 Rab8 19. Nc3 Nxc3 20. Qxc3 c5 21.
Nxe6 fxe6 22. Bc2 Rf8 23. Qh3 g6 24. b3 Rb7 25. Rd2 c4 26. Re2 Rbf7 27. Rf1
cxb3 28. Bxb3 Rf4 29. Bc2 Kg7 30. Bd3 Nc4 31. Bxc4 Rxc4 32. Qa3 a5 33. h3 Rf7
34. Rc1 Qb4 1/2-1/2

[Event "MCR_CF14"]
[Site "?"]
[Date "2007.??.??"]
[Round "?"]
[White "Kudr, Roman"]
[Black "Latal, Frantisek"]
[Result "1-0"]
[WhiteElo "2216"]
[BlackElo "2129"]
[PlyCount "93"]
[EventDate "2007.??.??"]
[EventType "corr"]
[EventRounds "2"]
[SourceDate "2007.01.09"]

1. e4 e5 2. Nf3 Nc6 3. Bc4 Bc5 4. d3 Nf6 5. Nc3 d6 6. Be3 Bb6 7. Qe2 Na5 8. Bb3
O-O 9. O-O Bg4 10. Bxb6 axb6 11. Qe3 Bh5 12. Nd2 Ng4 13. Qh3 Nf6 14. f4 Nxb3
15. Nxb3 Re8 16. Qh4 h6 17. f5 Rf8 18. a4 Qe7 19. Qf2 g6 20. h3 Kh7 21. g4 Nxg4
22. hxg4 Bxg4 23. f6 Qd7 24. Qe3 Rg8 25. Nd2 Be6 26. Rf2 Qc6 27. Kh2 g5 28. Nd5
Rg6 29. Ne7 Qc5 30. Qxc5 bxc5 31. Nxg6 Kxg6 32. b3 h5 33. Nf3 Bg4 34. Rg1 h4
35. Kh1 Rg8 36. Rgf1 Kh5 37. Rh2 Rh8 38. Kg2 Rh6 39. Nd2 Be6 40. Nc4 g4 41. Ne3
Kg5 42. Nd5 c6 43. Ne3 d5 44. Nf5 Rxf6 45. Nxh4 Rf4 46. Rxf4 Kxf4 47. Nf5 1-0

[Event "MCR_CF14"]
[Site "?"]
[Date "2007.??.??"]
[Round "?"]
[White "Svoboda, Frantisek"]
[Black "Kudr, Roman"]
[Result "1/2-1/2"]
[WhiteElo "2051"]
[BlackElo "2216"]
[PlyCount "67"]
[EventDate "2007.??.??"]
[EventType "corr"]
[EventRounds "2"]
[SourceDate "2007.01.09"]

1. c4 Nf6 2. Nc3 b6 3. Nf3 Bb7 4. g3 e6 5. Bg2 Be7 6. O-O O-O 7. Re1 d5 8. cxd5
exd5 9. d4 c5 10. Bf4 Nc6 11. Rc1 Re8 12. a3 Ne4 13. dxc5 Nxc3 14. Rxc3 bxc5
15. Rc1 h6 16. Qc2 Qb6 17. Be3 d4 18. Bf4 g5 19. Bd2 Rad8 20. h3 Bf8 21. Qf5
Bc8 22. Qb1 Be6 23. e3 d3 24. b4 cxb4 25. Nxg5 Bd5 26. e4 Be6 27. Nxe6 Rxe6 28.
axb4 Bxb4 29. Red1 Bc5 30. Qxb6 axb6 31. Rb1 Rf6 32. Bf4 Nd4 33. Bf1 Ne6 34.
Rxd3 1/2-1/2

[Event "MCR_CF14"]
[Site "?"]
[Date "2007.??.??"]
[Round "?"]
[White "Dlouhy, Radek"]
[Black "Cvak, Rudolf"]
[Result "1-0"]
[WhiteElo "2130"]
[BlackElo "2247"]
[PlyCount "109"]
[EventDate "2007.??.??"]
[EventType "corr"]
[EventRounds "2"]
[SourceDate "2007.01.09"]

1. d4 d5 2. Nf3 c6 3. c4 Nf6 4. Qc2 e6 5. Bg5 dxc4 6. Qxc4 Nbd7 7. e4 h6 8.
Bxf6 Qxf6 9. Nc3 e5 10. d5 Nb6 11. Qb3 Bd6 12. Be2 O-O 13. dxc6 bxc6 14. O-O
Rd8 15. Qc2 Bg4 16. Nd1 Bh5 17. Ne3 Bg6 18. Rfd1 Rac8 19. Rac1 Rc7 20. g3 Nd5
21. Nc4 Rcd7 22. Na5 Nb4 23. Qc4 Bh5 24. Kg2 Bf8 25. Rxd7 Rxd7 26. Rc3 Bg4 27.
Qb3 Rd4 28. Re3 Qd8 29. Nxe5 Be6 30. Nac4 Qc7 31. a3 Qxe5 32. Nxe5 Bxb3 33.
Rxb3 Rxe4 34. Re3 Rxe3 35. fxe3 Nc2 36. Kf3 Bc5 37. Ke4 Bb6 38. Nc4 Bc7 39. Kd3
Na1 40. Kc3 f5 41. Bd3 Bd8 42. Bxf5 Bf6+ 43. Kb4 Be7+ 44. Ka5 Kf7 45. Ka6 Kf6
46. Be4 Kg5 47. Kxa7 Kg4 48. Kb6 Kh3 49. Kxc6 Kxh2 50. b4 Kxg3 51. b5 Nb3 52.
b6 Bc5 53. a4 Bxb6 54. Nxb6 Kf2 55. Bd5 1-0

[Event "MCR_CF14"]
[Site "?"]
[Date "2007.??.??"]
[Round "?"]
[White "Kudr, Roman"]
[Black "Svoboda, Frantisek"]
[Result "0-1"]
[WhiteElo "2216"]
[BlackElo "2051"]
[PlyCount "86"]
[EventDate "2007.??.??"]
[EventType "corr"]
[EventRounds "2"]
[SourceDate "2007.01.09"]

1. e4 c5 2. Nc3 Nc6 3. g3 g6 4. Bg2 Bg7 5. d3 d6 6. Nge2 Nf6 7. O-O O-O 8. h3
Rb8 9. f4 Qc7 10. g4 h6 11. Be3 b5 12. g5 hxg5 13. fxg5 Nd7 14. a3 a5 15. Qe1
Qb7 16. Rb1 b4 17. axb4 axb4 18. Nd5 Nb6 19. Nxb6 Qxb6 20. Nf4 Qb5 21. Qf2 Bd7
22. h4 Bg4 23. Qg3 Ne5 24. Bh3 Bxh3 25. Qxh3 b3 26. c4 Qd7 27. Qxd7 Nxd7 28.
Nd5 Rfe8 29. Kf2 e6 30. Nc7 Red8 31. Bf4 Rb7 32. Nb5 Ne5 33. Bxe5 Bxe5 34. Ke2
d5 35. exd5 exd5 36. Rf3 Kg7 37. Rh3 Rh8 38. Nc3 Bxc3 39. bxc3 dxc4 40. dxc4
Ra8 41. Kd3 Ra2 42. Re3 Rh2 43. Re5 Rd7+ 0-1

[Event "MCR_CF14"]
[Site "?"]
[Date "2007.??.??"]
[Round "?"]
[White "Dlouhy, Radek"]
[Black "Goc, Pavel"]
[Result "1-0"]
[WhiteElo "2130"]
[BlackElo "2145"]
[PlyCount "78"]
[EventDate "2007.??.??"]
[EventType "corr"]
[EventRounds "2"]
[SourceDate "2007.01.09"]

1. e4 e5 2. Nf3 Nc6 3. Bb5 a6 4. Ba4 Nf6 5. d4 exd4 6. O-O Be7 7. e5 Ne4 8.
Nxd4 O-O 9. Nf5 d5 10. Bxc6 bxc6 11. Nxe7+ Qxe7 12. Re1 f6 13. f3 Ng5 14. exf6
Qxf6 15. Bxg5 Qxg5 16. Qd2 Qg6 17. Nc3 Bf5 18. Rac1 Rab8 19. b3 Qd6 20. Ne2 c5
21. Nf4 d4 22. Nd3 Rf6 23. Qa5 Rh6 24. g3 Rb5 25. Re8+ Kf7 26. Qe1 Be6 27. Rh8
c4 28. bxc4 Rbh5 29. h4 g5 30. Rb1 gxh4 31. g4 Rg5 32. Rbb8 h3 33. Nf4 h2+ 34.
Kh1 Re5 35. Qg3 Qa3 36. Nd3 Rc5 37. Qf4+ Kg7 38. Qf8+ Kg6 39. Qe7 Qxa2 1-0

[Event "MCR_CF14"]
[Site "?"]
[Date "2007.??.??"]
[Round "?"]
[White "Goc, Pavel"]
[Black "Dlouhy, Radek"]
[Result "0-1"]
[WhiteElo "2145"]
[BlackElo "2130"]
[PlyCount "84"]
[EventDate "2007.??.??"]
[EventType "corr"]
[EventRounds "2"]
[SourceDate "2007.01.09"]

1. e4 e5 2. Nf3 Nc6 3. Bb5 a6 4. Ba4 Nf6 5. O-O Nxe4 6. d4 b5 7. Bb3 d5 8. Nxe5
Nxe5 9. dxe5 c6 10. Be3 Be7 11. c3 O-O 12. f3 Nc5 13. Bc2 f6 14. exf6 Rxf6 15.
g4 Re6 16. Bd4 Bd6 17. Nd2 Qh4 18. Rf2 Re7 19. Re2 Bd7 20. Nf1 Ne6 21. Be5 Bc5+
22. Kh1 Rae8 23. Bg3 Qh3 24. Qd3 g6 25. Rg2 Rf8 26. b4 Bb6 27. Bd1 Nf4 28. Bxf4
Rxf4 29. Rg3 Qh4 30. Be2 Qf6 31. Rc1 a5 32. a3 Qe5 33. Rg2 Rf8 34. Rd1 Ra8 35.
Rb1 axb4 36. axb4 Ra3 37. Rc1 Qf4 38. Qd2 Qxd2 39. Nxd2 Re3 40. Nb1 Ra1 41. Rd1
g5 42. Rf1 Be8 0-1

[Event "MCR_CF14"]
[Site "?"]
[Date "2007.??.??"]
[Round "?"]
[White "Latal, Frantisek"]
[Black "Goc, Pavel"]
[Result "1-0"]
[WhiteElo "2129"]
[BlackElo "2145"]
[PlyCount "99"]
[EventDate "2007.??.??"]
[EventType "corr"]
[EventRounds "2"]
[SourceDate "2007.01.09"]

1. d4 Nf6 2. c4 e6 3. Nc3 Bb4 4. e3 O-O 5. Bd3 d5 6. a3 Bxc3+ 7. bxc3 dxc4 8.
Bxc4 c5 9. Nf3 Qc7 10. Ba2 Nc6 11. O-O e5 12. h3 e4 13. Nd2 Bf5 14. Rb1 Rad8
15. Qc2 b6 16. Bb2 Na5 17. Rfc1 c4 18. a4 Rfe8 19. Ba3 a6 20. Bb4 b5 21. axb5
axb5 22. Rb2 Nb7 23. Ba3 Qa5 24. Bb4 Qc7 25. Qb1 Ra8 26. Rcc2 Ra4 27. Nf1 Qc6
28. Ng3 Bg6 29. h4 h6 30. Re2 Nd5 31. h5 Bh7 32. Red2 Rea8 33. Ne2 f5 34. Nf4
Nxf4 35. exf4 Qe8 36. Qd1 e3 37. Rdc2 Qe4 38. Qf3 Qxf3 39. gxf3 exf2+ 40. Kxf2
Nd8 41. Re2 Kf7 42. Bb1 Ne6 43. Kg3 g6 44. hxg6+ Bxg6 45. Re5 Kf6 46. Rxb5 Rg8
47. Rb6 Bh5+ 48. Kf2 Kf7 49. Bd6 Rga8 50. Bxf5 1-0

[Event "MCR_CF14"]
[Site "?"]
[Date "2007.??.??"]
[Round "?"]
[White "Svoboda, Frantisek"]
[Black "Goc, Pavel"]
[Result "1-0"]
[WhiteElo "2051"]
[BlackElo "2145"]
[PlyCount "121"]
[EventDate "2007.??.??"]
[EventType "corr"]
[EventRounds "2"]
[SourceDate "2007.01.09"]

1. d4 Nf6 2. c4 e6 3. Nc3 Bb4 4. Qc2 c5 5. dxc5 O-O 6. Bg5 Na6 7. a3 Bxc3+ 8.
Qxc3 Nxc5 9. Bxf6 Qxf6 10. Qxf6 gxf6 11. b4 Na4 12. g4 d5 13. cxd5 exd5 14. Nf3
Be6 15. Nd4 Rfc8 16. e3 a5 17. b5 Rc7 18. f3 Rac8 19. Kd2 Nb2 20. b6 Rc5 21.
Rb1 Nc4+ 22. Bxc4 dxc4 23. Kc3 f5 24. h3 Bd7 25. Rbe1 Kg7 26. Rh2 Kf6 27. e4
fxe4 28. fxe4 Be6 29. e5+ Ke7 30. Rf2 Rd5 31. Rf6 Rcd8 32. Re4 Rxe5 33. Rxf7+
Kxf7 34. Rxe5 Bd5 35. a4 Kf6 36. Rf5+ Kg7 37. h4 Rd7 38. Rh5 Kf6 39. g5+ Kg7
40. Rh6 Kg8 41. Rf6 Bf7 42. Rf3 Bd5 43. Rf5 Rd6 44. h5 Rd7 45. Re5 Kf8 46. h6
Kf7 47. Ne2 Rd6 48. Nf4 Bf3 49. g6+ hxg6 50. Ne6 Rd3+ 51. Kxc4 Ra3 52. Ng5+ Kf6
53. Rxa5 Bc6 54. h7 Kg7 55. Kb4 Rg3 56. Ra8 Rg4+ 57. Kc3 Rh4 58. a5 Kf6 59.
h8=Q+ Rxh8 60. Rxh8 Kxg5 61. Rc8 1-0

[Event "MCR_CF14"]
[Site "?"]
[Date "2007.??.??"]
[Round "?"]
[White "Goc, Pavel"]
[Black "Svoboda, Frantisek"]
[Result "0-1"]
[WhiteElo "2145"]
[BlackElo "2051"]
[PlyCount "120"]
[EventDate "2007.??.??"]
[EventType "corr"]
[EventRounds "2"]
[SourceDate "2007.01.09"]

1. e4 e5 2. Nf3 Nc6 3. Bb5 a6 4. Ba4 d6 5. c3 Bd7 6. d4 Nge7 7. Be3 Ng6 8. h4
Be7 9. g3 exd4 10. cxd4 b5 11. Bc2 Bf6 12. h5 Nge7 13. h6 Bg4 14. hxg7 Bxg7 15.
Bb3 Qd7 16. Nc3 f5 17. e5 dxe5 18. dxe5 Qxd1+ 19. Bxd1 O-O-O 20. Ng5 Nxe5 21.
Bxg4 fxg4 22. Ne6 Nf3+ 23. Ke2 Bxc3 24. Nxd8 Bxb2 25. Rab1 Rxd8 26. Rxb2 Nd5
27. Rb3 Rd7 28. Bc5 a5 29. Ra3 a4 30. Rc1 Rf7 31. Rd3 c6 32. a3 h5 33. Rdd1 Kd7
34. Kd3 Rf5 35. Ke2 Ng5 36. Ba7 Kc7 37. Kf1 Kb7 38. Bd4 Rf3 39. Ra1 Ne4 40. Kg1
c5 41. Re1 Ndc3 42. Bxc3 Nxc3 43. Re5 Kc6 44. Rxh5 b4 45. axb4 cxb4 46. Re1 Rf6
47. Rg5 a3 48. Rxg4 Kb5 49. Rg8 a2 50. Re5+ Kc4 51. Rc8+ Kd3 52. Ra5 b3 53. Rb8
Kc2 54. Rc8 Rb6 55. Ra7 Rd6 56. Rca8 Rd4 57. Ra3 Ra4 58. R3xa4 Nxa4 59. Rxa4
Kb1 60. Kg2 a1=Q 0-1